LEADER 00498cam2 22001931 450 001 SOBE00046080 005 20150608161918.0 100 $a20150225d1963 |||||ita|0103 ba 101 $afre 102 $aFR 200 0 $a7: [Mali-Orly] 210 $aParis$cLibrairie Larousse$d[1963] 215 $a1012, XXVIII p., 19 c. di tav. : ill. ; 27 cm 801 0$aIT$bUNISOB$c20150608$gRICA 912 $aSOBE00046080 940 $aM 102 Monografia moderna SBN 941 $aW 996 $a7$965288 997 $aUNISOB